Statistics for All Premier Leagues Managers - 2010s

Click here to take the quiz!

General Stats

  • This quiz has been taken 30 times
  • The average score is 83 of 187

Answer Stats

HintYears in PLAnswer% Correct
Arsenal1996-2018Arsène Wenger
100%
Arsenal2019-.Mikel Arteta
100%
Manchester United1992-2013Alex Ferguson
96%
West Ham United2019-.David Moyes
96%
Everton2002-2013David Moyes
96%
West Ham United2017-2018David Moyes
96%
Sunderland2016-2017David Moyes
96%
Manchester United2013-2014David Moyes
96%
Everton2019 (Caretaker)Duncan Ferguson
96%
Chelsea2019-2021Frank Lampard
96%
Manchester United2016-2018José Mourinho
96%
Chelsea2013-2015José Mourinho
96%
Tottenham Hotspur2019-2021José Mourinho
96%
Liverpool2015-.Jürgen Klopp
96%
Manchester United2014-2016Louis van Gaal
96%
Arsenal2018-2019Unai Emery
96%
Chelsea2016-2018Antonio Conte
91%
Leicester City2019-.Brendan Rodgers
91%
Swansea City2011-2012Brendan Rodgers
91%
Liverpool2012-2015Brendan Rodgers
91%
Manchester United2018-2021Ole Gunnar Solskjær
91%
Cardiff City2014Ole Gunnar Solskjær
91%
Manchester City2016-.Pep Guardiola
91%
Fulham2018-2019Claudio Ranieri
87%
Leicester City2015-2017Claudio Ranieri
87%
West Ham United2018-2019Manuel Pellegrini
87%
Manchester City2013-2016Manuel Pellegrini
87%
Tottenham Hotspur2014-2019Mauricio Pochettino
87%
Southampton2013-2014Mauricio Pochettino
87%
Liverpool2004-2010Rafael Benitez
87%
Newcastle United2016-2019Rafael Benitez
87%
Chelsea2012-2013 (Caretaker)Rafael Benítez
87%
West Bromwich Albion2010-2011Roberto Di Matteo
87%
Chelsea2012Roberto Di Matteo
87%
Liverpool2010-2011Roy Hodgson
87%
Fulham2007-2010Roy Hodgson
87%
West Bromwich Albion2011-2012Roy Hodgson
87%
Crystal Palace2017-2021Roy Hodgson
87%
Burnley2014-2022Sean Dyche
87%
AFC Bournemouth2015-2020Eddie Howe
83%
Brighton & Hove Albion2019-2022Graham Potter
83%
Chelsea2009-2011Carlo Ancelotti
78%
Everton2019-2021Carlo Ancelotti
78%
Chelsea2018-2019Maurizio Sarri
78%
Manchester City2009-2013Roberto Mancini
78%
Manchester United2014 (Caretaker)Ryan Giggs
78%
Tottenham Hotspur2012-2013André Villas-Boas
74%
Chelsea2011-2012André Villas-Boas
74%
Aston Villa2019-2021Dean Smith
74%
Queens Park Rangers2012-2015Harry Redknapp
74%
Tottenham Hotspur2008-2012Harry Redknapp
74%
Everton2018-2019Marco Silva
70%
Watford2017-2018Marco Silva
70%
Hull City2017Marco Silva
70%
Crystal Palace2016-2017Sam Allardyce
65%
Blackburn Rovers2008-2010Sam Allardyce
65%
Sunderland2015-2016Sam Allardyce
65%
Everton2017-2018Sam Allardyce
65%
West Ham United2012-2015Sam Allardyce
65%
Newcastle United2019-2021Steve Bruce
65%
Hull City2013-2015Steve Bruce
65%
Sunderland2009-2011Steve Bruce
65%
Liverpool2011-2012Kenny Dalglish
61%
Wolverhampton Wanderers2018-2021Nuno Espírito Santo
61%
West Bromwich Albion2017-2018Alan Pardew
57%
Crystal Palace2015-2016Alan Pardew
57%
Newcastle United2010-2015Alan Pardew
57%
Southampton2016-2017Claude Puel
57%
Leicester City2017-2019Claude Puel
57%
Norwich City2019-2021Daniel Farke
57%
Chelsea2015-2016 (Caretaker)Guus Hiddink
57%
Stoke City2013-2018Mark Hughes
57%
Southampton2018Mark Hughes
57%
Queens Park Rangers2012Mark Hughes
57%
Fulham2010-2011Mark Hughes
57%
Arsenal2019 (Caretaker)Freddie Ljungberg
52%
Crystal Palace2014Neil Warnock
52%
Queens Park Rangers2011-2012Neil Warnock
52%
Cardiff City2018-2019Neil Warnock
52%
Southampton2018-2022Ralph Hasenhüttl
52%
Wigan Athletic2009-2013Roberto Martinez
52%
Everton2013-2016Roberto Martinez
52%
Watford2019-2020Nigel Pearson
48%
Leicester City2014-2015Nigel Pearson
48%
Fulham2019-2021Scott Parker
48%
Huddersfield Town2017-2019David Wagner
43%
West Ham United2011 (Caretaker)Kevin Keen
43%
Blackburn Rovers2010-2012Steve Kean
43%
West Bromwich Albion2015-2017Tony Pulis
43%
Crystal Palace2013-2014Tony Pulis
43%
Middlesbrough2016-2017Aitor Karanka
39%
Sheffield United2019-2021Chris Wilder
39%
Leicester City2017Craig Shakespeare
39%
Blackpool2010-2012Ian Holloway
39%
Crystal Palace2013Ian Holloway
39%
Aston Villa2006-2010Martin O'Neill
39%
Sunderland2011-2013Martin O'Neill
39%
Southampton2014-2016Ronald Koeman
39%
Everton2016-2017Ronald Koeman
39%
Tottenham Hotspur2013-2014Tim Sherwood
39%
Aston Villa2015Tim Sherwood
39%
Norwich City2012-2014Chris Hughton
35%
Brighton & Hove Albion2017-2019Chris Hughton
35%
Newcastle United2010Chris Hughton
35%
Swansea City2014-2015Garry Monk
35%
Sunderland2013Paolo Di Canio
30%
Watford2019Quique Sánchez Flores
30%
Watford2015-2016Quique Sánchez Flores
30%
West Ham United2015-2017Slaven Bilić
30%
Aston Villa2011-2012Alex McLeish
26%
Birmingham City2007-2011Alex McLeish
26%
West Ham United2010-2011Avram Grant
26%
Portsmouth2009-2010Avram Grant
26%
Crystal Palace2017Frank de Boer
26%
Aston Villa2010-2011Gérard Houllier
26%
Sunderland2013-2015Gus Poyet
26%
Watford2018-2019Javi Gracia
26%
Southampton2017-2018Mauricio Pellegrino
26%
Swansea City2012-2014Michael Laudrup
26%
Wolverhampton Wanderers2009-2012Mick McCarthy
26%
West Ham United2008-2010Gianfranco Zola
22%
Newcastle United2015John Carver
22%
Norwich City2014Neil Adams
22%
Southampton2012-2013Nigel Adkins
22%
Reading2013Nigel Adkins
22%
Newcastle United2015-2016Steve McClaren
22%
Reading2009-2013Brian McDermott
17%
Sunderland2015Dick Advocaat
17%
Fulham2014Felix Magath
17%
Cardiff City2013Malky Mackay
17%
Fulham2011-2013Martin Jol
17%
Bolton Wanderers2010-2012Owen Coyle
17%
Burnley2009-2010Owen Coyle
17%
Aston Villa2015-2016Remi Garde
17%
West Bromwich Albion2012-2013Steve Clarke
17%
Chelsea2015 (Caretaker)Steve Holland
17%
Swansea City2016Bob Bradley
13%
Manchester City2013 (Caretaker)Brain Kidd
13%
Swansea City2016Francesco Guidolin
13%
Aston Villa2012-2015Paul Lambert
13%
Stoke City2018Paul Lambert
13%
Norwich City2011-2012Paul Lambert
13%
Middlesbrough2017 (Caretaker)Steve Agnew
13%
Wolverhampton Wanderers2012Terry Connor
13%
West Bromwich Albion2014Alan Irvine
9%
Norwich City2015-2016Alex Neil
9%
Burnley2010Brian Laws
9%
Swansea City2017-2018Carlos Carvalhal
9%
Queens Park Rangers2015Chris Ramsey
9%
West Bromwich Albion2018Darren Moore
9%
Queens Park Rangers2015 (Caretaker)Kevin Bond
9%
Aston Villa2010 (Caretaker)Kevin MacDonald
9%
Aston Villa2015 (Caretaker)Kevin MacDonald
9%
Hull City2016-2017Mike Phelan
9%
Swansea City2017Paul Clement
9%
West Bromwich Albion2014Pepe Mel
9%
Fulham2013-2014René Meulensteen
9%
Fulham2018Slaviša Jokanović
9%
Swansea City2016-2017 (Caretaker)Alan Curtis
4%
Swansea City2015-2016 (Caretaker)Alan Curtis
4%
Everton2017 (Caretaker)David Unsworth
4%
Everton2016 (Caretaker)David Unsworth
4%
Aston Villa2016 (Caretaker)Eric Black
4%
Aston Villa2011 (Caretaker)Gary McAllister
4%
West Bromwich Albion2017 (Caretaker)Gary Megson
4%
Watford2019 (Caretaker)Hayden Mullins
4%
Hull City2010Iain Dowie
4%
Huddersfield Town2019Jan Siewert
4%
Crystal Palace2014 (Caretaker)Keith Millen
4%
Crystal Palace2014-2015 (Caretaker)Keith Millen
4%
Crystal Palace2013 (Caretaker)Keith Millen
4%
Southampton2018 (Caretaker)Kelvin Davis
4%
Sunderland2013 (Caretaker)Kevin Ball
4%
Swansea City2017 (Caretaker)Leon Britton
4%
Huddersfield Town2019 (Caretaker)Mark Hudson
4%
Watford2016-2017Walter Mazzarri
4%
Leicester City2019 (Caretaker)Adam Sadler
0%
Cardiff City2013-2014 (Caretaker)David Kerslake
0%
Stoke City2018 (Caretaker)Eddie Niedzwiecki
0%
West Bromwich Albion2013-2014 (Caretaker)Keith Downing
0%
Queens Park Rangers2012 (Caretaker)Mark Bowen
0%
West Bromwich Albion2011 (Caretaker)Michael Appleton
0%
Leicester City2017 (Caretaker)Michael Appleton
0%
Leicester City2019 (Caretaker)Mike Stowell
0%
Fulham2010 (Caretaker)Ray Lewington
0%
West Bromwich Albion2014-2015 (Caretaker)Rob Kelly
0%
Aston Villa2015 (Caretaker)Scott Marshall
0%

Score Distribution

Percentile by Number Answered

Percent of People with Each Score

Your Score History

You have not taken this quiz